| 000 | 00667nam a2200217Ia 4500 | ||
|---|---|---|---|
| 001 | 7128 | ||
| 003 | GE_BSU | ||
| 008 | 181216s||||||||xx |||||||||||||| ||und|| | ||
| 040 | _cGE_BSU | ||
| 080 | _a621.39 | ||
| 100 | _aБогородицкий,Н.П. Пасынков,В.В. | ||
| 245 | _aМатериалы радиоэлектронной техники. | ||
| 245 | _bУчеб. для вузов. | ||
| 245 | _cРед.Л.А.Романова. | ||
| 260 | _aМ. | ||
| 260 | _bВысш. школа. | ||
| 260 | _c1969. | ||
| 300 | _a424стр. с илл. 21см. | ||
| 653 | _aМатериалы радиоэлектронной техники. | ||
| 942 | _cBK | ||
| 999 |
_c40517 _d40517 |
||